Fictional Shows in Shows Click Quiz - Statistics

General Stats
  • This quiz has been taken 48 times
  • The average score is 8 of 24
Answer Stats
Hint Answer % Correct
Itchy & Scratchy The Simpsons
74%
Mermaid Man & Barnacle Boy Spongebob Squarepants
66%
Terrance and Phillip South Park
60%
Tool Time Home Improvement
57%
Jaws 19 Back to the Future Part II
49%
Springtime for Hitler The Producers
49%
All My Circuits Futurama
43%
Stab Scream 2
43%
TGS with Tracey Jordan 30 Rock
40%
Angels with Filthy Souls Home Alone
34%
Threat Level Midnight The Office
34%
Secretariat Bojack Horseman
31%
Fox Force Five Pulp Fiction
29%
Dawn of the Seven The Boys
29%
Pigs in Space The Muppets
29%
The Wedding Bride How I Met Your Mother
26%
Rochelle, Rochelle Seinfeld
23%
The Dancing Cavalier Singin’ in the Rain
23%
Lethal Weapon 7 It’s Always Sunny in Philadelphia
20%
Simple Jack Tropic Thunder
20%
Turbo Man Jingle All the Way
17%
Baby Legs And Regular Legs Rick and Morty
17%
Great White North SCTV
17%
Chubby Rain Bowfinger
11%
No matching quizzes found
Score Distribution
Percent of People with Each Score
Percentile by Number Answered
Your Score History
You have not taken this quiz